Największe wyspy na świecie (dla GeoMexa) - Statystyki

Ogólne statystyki
  • Ten quiz został rozwiązany 107 razy
  • Średni wynik to 3 z 5
Statystyki odpowiedzi
Rozmiar Odpowiedź % Poprawnych
2 166 000 km² Grenlandia
96%
587 041 km² Madagaskar
67%
743 330 km² Borneo
43%
473 481 km² Sumatra
33%
507 451 km² Ziemia Baffina
16%
Nie znaleziono quizów pasujących do podanych kryteriów
Rozkład punktacji
Procent ludzi z każdym wynikiem
Percentyl według liczby udzielonych odpowiedzi
Twoja historia wyników
Nie rozwiązałeś tego quizu